00858nam a2200205 a 450000100100000000500170001000800410002702000180006804000250008624501520011126000370026330000210030049000520032150000820037350400320045550000730048770000200056070000200058083000520060000004056920201002034224.0130902s2009 sp 000 0 spa d a9788484894957 aDO-SdBNPbspacBNPHU00aDe las independencias iberoamericanas a los estados nacionales (1810- 1850) :b200 años de historia /cediores Ivana Frasquet y Andrés Slemian. aMadrid :bIberoamericana,c2009. a337 p. ;c23 cm.1 aEstudios AHILA de historia latinoamericana ;v6 aPrecede al título : Asociación de Historiadores Latinoamericanos Europeos aBibliografía : p. 295-337 aIncluye referencias bibliográficas y notas al pie de las páginas1 aFrasquet, Ivana1 aSlemian, Andrea 0aEstudios AHILA de historia latinoamericana ;n6